000 00472nam a2200181Ia 4500
005 20250326144232.0
008 250326s9999 xx 000 0 und d
037 _aTextbook
040 _aFMSL
_beng
_cFMSL
041 _aeng
_2eng
084 _qFMSL
100 _aSundharam K P M
245 0 _aIndian public fice & ficial administoation
_cSundharam K P M
260 _aDelhi
_bDelhi, S Chand
_c1974
300 _a200p
942 _cTB
999 _c1302924
_d1302924